Asian Geography by letter A - Statistics

General Stats
  • This quiz has been taken 546 times
  • The average score is 14 of 20
Answer Stats
Hint Answer % Correct
Continent bordering Asia to the southwest Africa
97%
Official Language of Saudi Arabia Arabic
94%
Continent Bordering Asia to the southeast Australia
91%
Capital of the United Arab Emirates Abu Dhabi
89%
Landlocked country in the Caucasus Mountains Armenia
89%
Landlocked country bordering China and Iran Afghanistan
87%
Ocean north of Siberia Arctic
85%
Sea that borders Oman and Pakistan Arabian
82%
Capital of Kazakhstan Astana
78%
Sea to the west of Turkey. Aegean
77%
Turkish Mountain where Noah's Ark came to rest. Mt Ararat
77%
Ancient temple complex in Cambodia Angkor Wat
76%
Country owning the exclave of Nakhchivan Azerbaijan
73%
Peninsula that Turkey is on Anatolia
65%
Large city in Northern Syria Aleppo
60%
Largest City in Kazakhstan Almaty
60%
Gulf south of Yemen Gulf of Aden
60%
Largest Turkish city on the Mediterranean Antalya
40%
Turkic people living in Azerbaijan and Iran. Azeris
22%
Former name of Turkey (not the landform it is on) Asia Minor
17%
No matching quizzes found
Score Distribution
Percent of People with Each Score
Percentile by Number Answered
Your Score History
You have not taken this quiz